Jangan tunjuk kuat

Bibliographic Details
Main Author: Amril Shah
Format: Book
Published: Selangor : Sama Publications & Distributors , 2004
Series:Siri sang kancil bestari
Subjects:

MARC

LEADER 00000cam a2200000 7i4500
001 0000068109
005 20161116.0
008 161116
020 |a 9679388999(set) 
020 |a 9679389065 
090 0 0 |a JF   |b MAL (533) 
100 0 |a Amril Shah 
245 1 0 |a Jangan tunjuk kuat   |c Amril Shah 
260 |a Selangor :   |b Sama Publications & Distributors ,   |c 2004 
440 |a Siri sang kancil bestari 
500 |a Children ages 7-9 years old (orange) 
650 0 |a Malay language   |x Readers   |x Animals 
999 |a 0000931080   |b Book   |c Children Collection   |e Cawangan Tangkak 
999 |a 0000931081   |b Book   |c Children Collection   |e Cawangan Tangkak 
999 |a 0000931082   |b Book   |c Children Collection   |e Cawangan Tangkak